000 01072nam a22002775i 4500
001 168791
003 ES-MaACL
005 20230906213907.0
008 080609s2001 sp a 001 0dspa d
020 _a84-482-2862-6
020 _a84-7664-732-8
080 _a74/75 De Kooning, Willem (083.824)
100 1 _aDe Kooning, Willem.
_9137903
245 1 0 _aWillem de Kooning :
_b[exposición] Institut Valencià d'Art Modern, Valencia, 6-IX/2-XII 2001, Fundación "la Caixa", Madrid, 20-XII 2001/25-III 2002 /
_c[comisario, Enrique Juncosa].
260 _aValencia :
_bIVAM ;
_aBarcelona :
_bFundación "la Caixa",
_c[2001]
300 _a188 p. :
_bil. col. y n. ;
_c30 cm.
546 _aTexto en español e inglés.
600 1 4 _aDe Kooning, Willem-
_vExposiciones.
_9137904
655 7 _2tgfbne
_9193628
_aCatálogos de exposiciones
700 1 _aJuncosa, Enrique.
_967280
710 2 _aInstituto Valenciano de Arte Moderno.
_95249
710 2 _aFundació "la Caixa"
_9173255
852 4 _aES-MaACL
_jL-29450
942 _2udc
999 _c168791
_d168791